000 00764nam a2200229Ia 4500
005 20220917112209.0
008 210716s2011 xx 000 0 und d
020 _a9788131516706
040 _cAIMIT LIBRARY
041 _aeng
082 _a621.3821
_23
_bAGRD
100 _aAgrawal, Dharma Prakash.
_957824
245 _aIntroduction to wireless and mobile systems /
_cBy Dharma Prakash Agrawal and Qing An Zeng.
250 _a3rd ed.
260 _aNew Delhi :
_bCengage Learning ,
_c2012.
300 _axxvi,572p. ;
650 _aProbability statistics and traffic theories
_957825
650 _aMobile radio propagation
_957826
650 _aTraffic channel allocation
_957827
700 _aAn Zeng, Qing.
_957828
942 _2ddc
_cBK
_e3rd
_k621.3821 AGRD
999 _c192821
_d192821